[Event "CRO-chT2 West"]
[Site "Rijeka"]
[Date "2020.09.13"]
[Round "2.6"]
[White "Saric, Vid"]
[Black "Mocibob, Patrik"]
[Result "1/2-1/2"]
[WhiteElo "1621"]
[BlackElo "1430"]
[PlyCount "55"]
[EventDate "2020.09.12"]
[EventType "team-tourn"]
[EventRounds "9"]
[EventCountry "CRO"]
[SourceTitle "EXT 2022"]
[Source "ChessBase"]
[SourceDate "2021.10.06"]
[SourceVersion "1"]
[SourceVersionDate "2021.10.06"]
[SourceQuality "1"]
[WhiteTeam "Karlobag"]
[BlackTeam "Rovinj Batana"]
[WhiteTeamCountry "CRO"]
[BlackTeamCountry "CRO"]

1. d4 d5 2. c4 Nf6 3. Nc3 e6 4. Bg5 Be7 5. Nf3 0-0 6. e3 Re8 7. Bd3 c6 8. 0-0 Nbd7 9. Qc2 dxc4 10. Bxc4 Nd5 11. Bxe7 Qxe7 12. e4 Nxc3 13. bxc3 a5 14. d5 Qc5 15. dxc6 Qxc4 16. cxd7 Bxd7 17. Ne5 Qc7 18. Nxd7 Qxd7 19. Rfd1 Qc7 20. Rd3 Red8 21. Rad1 h6 22. g3 Rxd3 23. Rxd3 Rc8 24. Kf1 Qe5 25. f4 Qc5 26. e5 b5 27. Qd2 Qc4 28. Kf2 1/2-1/2

[Event "CRO-chT2 West"]
[Site "Rijeka"]
[Date "2020.09.12"]
[Round "1.6"]
[White "Cubric, Andrija"]
[Black "Saric, Vid"]
[Result "1-0"]
[WhiteElo "1650"]
[BlackElo "1621"]
[PlyCount "33"]
[EventDate "2020.09.12"]
[EventType "team-tourn"]
[EventRounds "9"]
[EventCountry "CRO"]
[SourceTitle "EXT 2022"]
[Source "ChessBase"]
[SourceDate "2021.10.06"]
[SourceVersion "1"]
[SourceVersionDate "2021.10.06"]
[SourceQuality "1"]
[WhiteTeam "Rijeka II"]
[BlackTeam "Karlobag"]
[WhiteTeamCountry "CRO"]
[BlackTeamCountry "CRO"]

1. d4 d5 2. c4 e6 3. Nf3 Nf6 4. g3 Be7 5. Bg2 0-0 6. 0-0 c5 7. cxd5 Nxd5 8. e4 Nf6 9. Nc3 cxd4 10. Nxd4 a6 11. e5 Nfd7 12. f4 Bc5 13. Ne4 Qb6 14. Nxc5 Nxc5 15. Qc2 Nbd7 16. Be3 Qd8 17. b4 1-0

[Event "CRO-ch U17"]
[Site "Vinkovci"]
[Date "2017.07.26"]
[Round "4"]
[White "Saric, Vid"]
[Black "Cotic, Borna"]
[Result "0-1"]
[WhiteElo "1509"]
[BlackElo "2087"]
[PlyCount "152"]
[EventDate "2017.07.24"]
[EventType "swiss"]
[EventRounds "9"]
[EventCountry "CRO"]
[SourceTitle "EXT 2018"]
[Source "ChessBase"]
[SourceDate "2017.10.13"]
[SourceVersion "1"]
[SourceVersionDate "2017.10.13"]
[SourceQuality "1"]

1. d4 d5 2. c4 e6 3. Nc3 Be7 4. Nf3 Nf6 5. Bg5 h6 6. Bh4 0-0 7. e3 b6 8. cxd5 Nxd5 9. Bxe7 Qxe7 10. Nxd5 exd5 11. Bd3 Be6 12. 0-0 c5 13. b3 Rc8 14. Rc1 Nd7 15. Qe2 a5 16. Bb5 Bg4 17. h3 Bxf3 18. Qxf3 Nf6 19. Bd3 a4 20. Qe2 Rc7 21. Qd2 axb3 22. axb3 Qd6 23. Rc2 Rac8 24. Rfc1 cxd4 25. exd4 g6 26. Rxc7 Rxc7 27. Rxc7 Qxc7 28. Qc2 Qxc2 29. Bxc2 Kf8 30. b4 Ke7 31. f3 Nh5 32. Kf2 Nf4 33. h4 Ne6 34. Ke3 Nd8 35. Ba4 Kd6 36. Be8 Ke7 37. Ba4 Ke6 38. Be8 Nb7 39. g4 Nd6 40. Bc6 Nc4+ 41. Kd3 g5 42. h5 Nb2+ 43. Kd2 Nc4+ 44. Kd3 Nd6 45. Ke3 f5 46. Kd3 fxg4 47. fxg4 Ne4 48. Ke3 Kd6 49. b5 Nf6 50. Kf3 Ke7 51. Kg3 Ke6 52. Kf3 Ng8 53. Ke3 Ne7 54. Bb7 Kd6 55. Kd3 Kc7 56. Ba6 Ng8 57. Ke3 Nf6 58. Kf3 Nd7 59. Ke3 Nb8 60. Kd3 Nxa6 61. bxa6 Kb8 62. Kc3 Ka7 63. Kb4 Kxa6 64. Ka4 b5+ 65. Kb4 Kb6 66. Kb3 Ka5 67. Ka3 b4+ 68. Kb2 Ka4 69. Ka2 b3+ 70. Kb2 Kb4 71. Kb1 Kc3 72. Kc1 Kxd4 73. Kb2 Kc4 74. Kb1 Kc3 75. Kc1 b2+ 76. Kb1 d4 0-1